00338 a2200109 4500001000700000020000600007040001100013100004800024240007600072245007100148362000900219165740 a  cMagnum aCarvalho, Maria Cecilia Maringoni de Et Al.10aConstruindo o saber: metodologia cientifica-fundamentos e tecnicaslpor10aConstruindo o saber: metodologia cientifica-fundamentos e tecnicas0 a1899